Kumpulan puisi patriotik

Bibliographic Details
Corporate Author: Perbadanan Perpustakaan Awam Johor
Format: Book
Published: Johor : Perbadanan Perpustakaan Awam Johor , 2019
Subjects:

MARC

LEADER 00000cam a2200000 7i4500
001 0000084278
005 20210204.0
008 191111
020 |a 9789672083191 
041 0 |a Malay 
090 0 0 |a JF   |b NS MAL 
245 0 0 |a Kumpulan puisi patriotik 
260 |a Johor :   |b Perbadanan Perpustakaan Awam Johor ,   |c 2019 
300 |a 24 p. :   |b col.,ill. ;   |c 24.1 cm. 
500 |a Children ages 7-9 years old (orange) 
541 0 0 |c Donation books   |f PPAJ 
650 0 |a Government publications   |z Malaysia 
650 0 |a Malay poetry 
710 1 |a Perbadanan Perpustakaan Awam Johor 
999 |a 0001595788   |b Book   |c Children Collection   |e Cawangan Muar 
999 |a 0001595789   |b Book   |c Children Collection   |e Cawangan Muar 
999 |a 0001595790   |b Book   |c Children Collection   |e Cawangan Muar 
999 |a 0001595791   |b Book   |c Children Collection   |e Cawangan Muar 
999 |a 0001595792   |b Book   |c Children Collection   |e Cawangan Muar 
999 |a 0001595793   |b Book   |c Children Collection   |e Cawangan Muar 
999 |a 0001595794   |b Book   |c Children Collection   |e Cawangan Muar 
999 |a 0001595795   |b Book   |c Children Collection   |e Cawangan Muar 
999 |a 0001595796   |b Book   |c Children Collection   |e Cawangan Muar 
999 |a 0001595797   |b Book   |c Children Collection   |e Cawangan Muar 
999 |a 0001650611   |b Book   |c Children Collection   |e Perbadanan Perpustakaan Awam Johor 
999 |a 0001650612   |b Book   |c Children Collection   |e Perbadanan Perpustakaan Awam Johor 
999 |a 0001650613   |b Book   |c Children Collection   |e Perbadanan Perpustakaan Awam Johor 
999 |a 0001650614   |b Book   |c Children Collection   |e Cawangan Urban Transformation Centre 
999 |a 0001650615   |b Book   |c Children Collection   |e Cawangan AEON Kulaijaya 
999 |a 0001695570   |b Book   |c Children Collection   |e Cawangan Taman Universiti 
999 |a 0001695571   |b Book   |c Children Collection   |e Cawangan Taman Universiti 
999 |a 0001695572   |b Book   |c Children Collection   |e Cawangan Taman Universiti 
999 |a 0001695573   |b Book   |c Children Collection   |e Cawangan Taman Universiti 
999 |a 0001695574   |b Book   |c Children Collection   |e Cawangan Taman Universiti